000
00299nam a2200121Ia 4500
008
190216s9999||||xx |||||||||||||| ||und||
100
_a
Rai Al
245
0
_a
Teaching The Child
260
_b
"An Issed Publication, New Delhi"
_c
1968
300
_a
149p
650
_a
General Collections
942
_c
REF
999
_c
35331
_d
35331